书目信息 |
| 题名: |
大人物的世界史
|
|
| 作者: | 蒙蒂菲奥里 著 ;谷蕾 , 李小燕 译 | |
| 分册: | 1 | |
| 出版信息: | 长沙 湖南文艺出版社 2019.10 |
|
| 页数: | 3册 (789页) | |
| 开本: | 20cm | |
| 丛书名: | ||
| 单 册: | ||
| 中图分类: | K811 | |
| 科图分类: | ||
| 主题词: | 历史人物--li shi ren wu--列传--世界 | |
| 电子资源: | ||
| ISBN: | 978-7-5404-9359-2 | |
| 000 | 01439nam0 2200277 450 | |
| 001 | 2033435645 | |
| 005 | 20201106091726.02 | |
| 010 | @a978-7-5404-9359-2@dCNY50.00 | |
| 100 | @a20191016d2019 em y0chiy50 ea | |
| 101 | 1 | @achi@ceng |
| 102 | @aCN@b430000 | |
| 105 | @ay z 000yc | |
| 200 | 1 | @a大人物的世界史@Ada ren wu de shi jie shi@f西蒙·蒙蒂菲奥里著@g谷蕾, 李小燕译@h1 |
| 210 | @a长沙@c湖南文艺出版社@d2019.10 | |
| 215 | @a3册 (789页)@d20cm | |
| 312 | @a英文题名取自封面 | |
| 314 | @a西蒙·蒙蒂菲奥里, 知名历史学家、小说家, 英国皇家文学学会研究员。谷蕾, 英语语言文学博士, 副教授, 出版有《菲茨拉德小说中的失败模式研究》等。李小燕, 南京师范大学硕士, 讲师, 主要研究方向为英美文学。 | |
| 330 | @a本书从拉美西斯大帝、孔子到安妮·弗兰克、本·拉登, 从国王、女皇、征服者、匪徒到先知、诗人、作曲家、哲学家, 他们或高尚、勇武, 有着独特的魅力、智力和创造力 ; 或鲁莽、蛮横、残酷、无耻、近乎疯狂 ; 或者, 他们是这两者的结合, 是英雄和野兽的矛盾体。历史学家西蒙·蒙蒂菲奥里以翔实的史料、独特的纪传体笔法, 依时间顺序讲述了这100多位历史人物的故事及其对世界的影响, 从而构成了这部独特的横跨3000多年的世界史。 | |
| 500 | 10 | @aTitans of history@mChinese |
| 606 | 0 | @a历史人物@Ali shi ren wu@x列传@y世界 |
| 690 | @aK811@v5 | |
| 701 | 1 | @a蒙蒂菲奥里@Ameng di fei ao li@g(Montefiore, Simon Sebag),@f1965-@4著 |
| 702 | 0 | @a谷蕾@Agu lei@4译 |
| 702 | 0 | @a李小燕@Ali xiao yan@4译 |
| 801 | 0 | @aCN@b人天书店@c20201025 |
| 905 | @aZUCC@dK811@eM563 | |
| 大人物的世界史/西蒙·蒙蒂菲奥里著/谷蕾, 李小燕译.1.-长沙:湖南文艺出版社,2019.10 |
| 3册 (789页);20cm |
| ISBN 978-7-5404-9359-2:CNY50.00 |
| 本书从拉美西斯大帝、孔子到安妮·弗兰克、本·拉登, 从国王、女皇、征服者、匪徒到先知、诗人、作曲家、哲学家, 他们或高尚、勇武, 有着独特的魅力、智力和创造力 ; 或鲁莽、蛮横、残酷、无耻、近乎疯狂 ; 或者, 他们是这两者的结合, 是英雄和野兽的矛盾体。历史学家西蒙·蒙蒂菲奥里以翔实的史料、独特的纪传体笔法, 依时间顺序讲述了这100多位历史人物的故事及其对世界的影响, 从而构成了这部独特的横跨3000多年的世界史。 |
| ● |
| 相关链接 |
|
|
|
正题名:大人物的世界史
索取号:K811/M563
 
预约/预借
| 序号 | 登录号 | 条形码 | 馆藏地/架位号 | 状态 | 备注 |
| 1 | 1481446 | 214814469 | 社科库309/309社科库 42排3列2层/ [索取号:K811/M563] | 在馆 |